| 000 | 00877nas a2200277 4500 | ||
|---|---|---|---|
| 001 | BR8400962 | ||
| 003 | BR-BrBNA | ||
| 005 | 20231205085816.0 | ||
| 007 | ta | ||
| 008 | 230509b bl.|||p| |||| 00| 00por d | ||
| 040 |
_aBR-BrBNA _bpor _cBiblioteca Nacional de Agricultura |
||
| 041 | _a(Pt) | ||
| 072 | _aH50 | ||
| 100 | 1 | _aCruciani, D.E. | |
| 100 | 1 | _aMinami, K. | |
| 245 | 1 | _aEfeitos do excesso de agua no solo na producao de aveia (Avena strigosa Sckreb) | |
| 246 | 1 | _a[Effects of water surplus in the soil on oat yield (Avena strigosa Sckreb)] | |
| 650 | _aAVEIA | ||
| 650 | _aAGUA | ||
| 650 | _aSOLO | ||
| 650 | _aBALANCO HIDRICO | ||
| 650 | _aDISTURBIO FISIOLOGICO | ||
| 773 | 0 |
_tITEM. Irrigacao e Tecnologia Moderna (Brazil) _xISSN 0102-0536 _g(Mar 1984), (no. 16) p. 31-33 _wBR8400962 |
|
| 909 |
_a202311 _bLúcia _c55 _dLúcia Elande |
||
| 942 |
_2AGRIS _n0 _cANA |
||
| 999 |
_c113961 _d113961 |
||